Májszcintigramok automatikus értékeléséről

Elmentve itt :
Bibliográfiai részletek
Szerzők: Csirik János
Csernay László
Kuba Attila
Testületi szerző: Számítástechnikai és kibernetikai módszerek alkalmazása az orvostudományban és a biológiában
Dokumentumtípus: Könyv része
Megjelent: 1974
Sorozat:Számítástechnikai és kibernetikai módszerek alkalmazása az orvostudományban és a biológiában 4
Kulcsszavak:Izotópdiagnosztika - szcintigráfia, Izotópdiagnosztika - számítógép alkalmazása, Számítógép alkalmazása - orvostudomány, Májbetegség
Tárgyszavak:
Online Access:http://acta.bibl.u-szeged.hu/45764
LEADER 01092naa a2200229 i 4500
001 acta45764
005 20230606150728.0
008 170628s1974 hu o 1|| hun d
040 |a SZTE Egyetemi Kiadványok Repozitórium  |b hun 
041 |a hun 
100 1 |a Csirik János 
245 1 0 |a Májszcintigramok automatikus értékeléséről  |h [elektronikus dokumentum] /  |c  Csirik János 
260 |c 1974 
300 |a 346-349 
490 0 |a Számítástechnikai és kibernetikai módszerek alkalmazása az orvostudományban és a biológiában  |v 4 
650 4 |a Természettudományok 
650 4 |a Számítás- és információtudomány 
695 |a Izotópdiagnosztika - szcintigráfia, Izotópdiagnosztika - számítógép alkalmazása, Számítógép alkalmazása - orvostudomány, Májbetegség 
700 0 1 |a Csernay László  |e aut 
700 0 1 |a Kuba Attila  |e aut 
711 |a Számítástechnikai és kibernetikai módszerek alkalmazása az orvostudományban és a biológiában  |c Szeged  |d 1973 
856 4 0 |u http://acta.bibl.u-szeged.hu/45764/1/szamtech_orvost_koll_004_346-349.pdf  |z Dokumentum-elérés